তাফসীর ইবনে কাসীর / (Record no. 56879)
[ view plain ]
| 000 -LEADER | |
|---|---|
| fixed length control field | 01201nam a2200253 a 4500 |
| 001 - CONTROL NUMBER | |
| control field | 56879 |
| 003 - CONTROL NUMBER IDENTIFIER | |
| rucl marc code | BD-RjUL |
| 005 - DATE AND TIME OF LATEST TRANSACTION | |
| control field | 20211209080438.0 |
| 008 - FIXED-LENGTH DATA ELEMENTS--GENERAL INFORMATION | |
| fixed length control field | 161204s1988 bg ||||| |||| 00| 0 ben d |
| 020 ## - INTERNATIONAL STANDARD BOOK NUMBER | |
| Terms of availability | : TK 60.00 |
| 035 ## - SYSTEM CONTROL NUMBER | |
| System control number | (BD-RjUL)57003 |
| 040 ## - CATALOGING SOURCE | |
| Original cataloging agency | BD-RjUL |
| Language of cataloging | ben |
| Transcribing agency | BD-RjUL |
| Modifying agency | BD-RjUL |
| 041 ## - LANGUAGE CODE | |
| Language code of text/sound track or separate title | ben |
| 082 ## - DEWEY DECIMAL CLASSIFICATION NUMBER | |
| Edition number | 23 |
| Classification number | 297.1226 |
| Author mark and year | KAT 1988 |
| 100 ## - MAIN ENTRY--PERSONAL NAME | |
| Personal name | কাসীর, ইমাদুদ্দীন ইবনু |
| 9 (RLIN) | 125169 |
| 245 10 - TITLE STATEMENT | |
| Title | তাফসীর ইবনে কাসীর / |
| Statement of responsibility, etc. | মূল: ইমাদুদ্দীন ইবনু কাসীর ; অনুবাদ: মুহাম্মদ মুজীবুর রহমান |
| 260 ## - PUBLICATION, DISTRIBUTION, ETC. (IMPRINT) | |
| Place of publication, distribution, etc. | রাজশাহী : |
| Name of publisher, distributor, etc. | মুহাম্মদ ইউসুফ সিদ্দীক, |
| Date of publication, distribution, etc. | ১৯৮৮ |
| 300 ## - PHYSICAL DESCRIPTION | |
| Pagination | খন্ড. ; |
| Size | ২৫ সেমি. |
| 505 ## - FORMATTED CONTENTS NOTE | |
| Formatted contents note | খন্ড. ৭. (৬ষ্ঠ পারা) -- খন্ড. ৮. (৭ম পারা) |
| 650 ## - SUBJECT ADDED ENTRY--TOPICAL TERM | |
| Topical term or geographic name as entry element | কুরআন |
| General subdivision | ব্যাখা, মূলপাঠ |
| 9 (RLIN) | 164980 |
| Topical term or geographic name as entry element | Quran |
| Form subdivision | Criticism, textual |
| 9 (RLIN) | 164981 |
| 700 ## - ADDED ENTRY--PERSONAL NAME | |
| Personal name | রহমান, মুহাম্মদ মুজীবুর, অনুবাদক |
| 942 ## - ADDED ENTRY ELEMENTS (KOHA) | |
| Source of classification or shelving scheme | Dewey Decimal Classification |
| Koha item type | Books |
| Lost status | Source of classification or shelving scheme | Damaged status | Not for loan | Collection code | Permanent Location | Current Location | Shelving location | Date acquired | Cost, normal purchase price | Total Checkouts | Full call number | Date last seen | Copy number | Koha item type | Source of acquisition |
|---|---|---|---|---|---|---|---|---|---|---|---|---|---|---|---|
| Dewey Decimal Classification | Not For Loan | Non-fiction | Central Library, University of Rajshahi | Central Library, University of Rajshahi | Reading Room | 23/02/1989 | 60.00 | B 297.1226 KAT V-8 1988 | 04/12/2016 | C-1 | Books | ||||
| Dewey Decimal Classification | Not For Loan | Non-fiction | Central Library, University of Rajshahi | Central Library, University of Rajshahi | Reading Room | 26/01/1991 | 80.00 | B 297.1226 KAT V-7 1988 | 05/12/2016 | C-1 | Books | Mukti book |